| 000 | 00659nam a2200253 a 4500 | ||
|---|---|---|---|
| 001 | nice12345678 | ||
| 003 | IN_TiNIC | ||
| 005 | 20260116012739.0 | ||
| 008 | 050524s1992 lona grp 000 0 eng | ||
| 020 |
_a0192278 _c100 |
||
| 082 | 0 | 0 |
_a297.7 _bPOS |
| 100 | _aPoston, Larry | ||
| 245 |
_aIslamic Dawah in the West _b Muslim Missionary Activity |
||
| 260 |
_aLondan _bOxford University Press _c1992 |
||
| 300 | _a220p | ||
| 500 | _aincludes index and biblioraphy | ||
| 505 | 2 | _aBibliography, Index | |
| 650 | _aDawah-Islam | ||
| 650 | _aIslam-Conversion | ||
| 700 | 1 | _aPoston, Larry | |
| 902 | _bSRS | ||
| 942 | _cBK | ||
| 999 |
_c8205 _d8205 |
||